Hangman's house /

Hangman's house: Before he dies, a father tries to marry off his daughter to a man she despises. 3 bad men: A young girl enlists the help of three outlaws, after her father is murdered.

Bibliographic Details
Corporate Author: Twentieth Century Fox Home Entertainment, Inc
Other Authors: Fox, William, 1879-1952, Ford, John, 1894-1973, Klein, Philip, 1889-1935, Stone, John, 1888-1961, McLaglen, Victor, 1886-1959, Collyer, June, 1906-1968, Fox, Earle, 1887-1973, O'Brien, George, 1899-1985, Borden, Olive, 1906-1947, Tellegen, Lou, 1881-1934, Santschi, Tom, 1879-1931, MacDonald, J. Farrell, 1875-1952, Byrne, Donn, 1889-1928, Whitaker, Herman, 1867-1919
Format: Video DVD
Language:English
Language Notes:Silent film with English intertitles with optional French or Spanish subtitles.
Published: Beverly Hills, Calif. : 20th Century Fox Home Entertainment, [2007]
Series:Ford at Fox collection.
Subjects:

MARC

Tag First Indicator Second Indicator Subfields
LEADER 00000cgm a2200000Ia 4500
001 in00002362007
005 20151108084245.0
007 vd bvaizk
008 071119s2007 cau163 g vleng d
024 1 |a 024543482727 
035 |a (OCoLC)ocn181596749 
035 |a (OCoLC)181596749 
040 |a TEFMT  |c TEFMT  |d RCS  |d OCL  |d MTG  |d TXA  |d UtOrBLW 
041 1 |a eng  |j spa  |j fre  |h eng 
049 |a TXAM 
050 1 4 |a PN1997  |b .A1 2007 
082 0 4 |a 791.4375  |2 22 
090 |a PN1995.75  |b .H35 2007 
245 0 0 |a Hangman's house /  |c William Fox ; [a] John Ford production ; directed by John Ford = 3 bad men / William Fox ; [a] John Ford production ; directed by John Ford. 
246 1 0 |a Three bad men 
246 3 1 |a 3 bad men  
264 1 |a Beverly Hills, Calif. :  |b 20th Century Fox Home Entertainment,  |c [2007] 
300 |a 1 videodisc (71, 92 min.) :  |b sound, black and white ;  |c 4 3/4 in. 
336 |a two-dimensional moving image  |b tdi  |2 rdacontent 
337 |a video  |b v  |2 rdamedia 
338 |a videodisc  |b vd  |2 rdacarrier 
490 1 |a The Ford at Fox collection 
538 |a DVD; region 1; Dolby Digital; NTSC. 
546 |a Silent film with English intertitles with optional French or Spanish subtitles. 
508 |a Hangman's house : film editor, Margaret V. Clancey ; photography, George Schneiderman ; newly created score composed by Tim Curran. 
508 |a 3 bad men : photography, George Schneiderman ; Newly created score composed by Dana Kaproff. 
511 0 |a Hangman's house: Victor McLaglen, June Collyer, Earle Fox. 
511 0 |a 3 bad men: George O'Brien, Olive Borden, Lou Tellegen, Tom Santschi, J. Farrell MacDonald. 
500 |a Hangman's house originally released as a motion picture in 1928. 
500 |a 3 bad men originally released as a motion picture in 1926. 
500 |a Hangman's house from the story by Donn Byrne ; adapted by Philip Klein. 
500 |a 3 bad men suggested by Herman Whitaker's novel "Over the border" ; adapted by John Stone. 
500 |a Aspect ratio 1.33:1 (full screen). 
500 |a Double-sided disc; single layer. 
521 8 |a Rating: Not rated. 
520 |a Hangman's house: Before he dies, a father tries to marry off his daughter to a man she despises. 3 bad men: A young girl enlists the help of three outlaws, after her father is murdered. 
505 0 |a Side A. Hangman's house -- side B. 3 bad men (92 min.). 
500 |a Videorecording. 
650 0 |a Arranged marriage  |v Drama. 
650 0 |a Fathers and daughters  |v Drama. 
650 0 |a Fathers  |x Death  |v Drama. 
650 8 |a Arranged marriage  |v Drama. 
650 8 |a Father-daughter relationship  |v Drama. 
650 8 |a Fathers  |x Death  |v Drama. 
655 7 |a Feature films.  |2 lcgft 
655 7 |a Silent films.  |2 lcgft 
655 0 |a Melodrama. 
655 7 |a Western films.  |2 lcgft 
655 7 |a Romance  |v Feature.  |2 migfg 
655 7 |a Melodrama  |v Feature.  |2 migfg 
655 7 |a Western  |v Feature.  |2 migfg 
655 7 |a Melodrama.  |2 gsafd 
655 7 |a Western.  |2 gsafd 
700 1 |a Fox, William,  |d 1879-1952. 
700 1 |a Ford, John,  |d 1894-1973. 
700 1 |a Klein, Philip,  |d 1889-1935. 
700 1 |a Stone, John,  |d 1888-1961. 
700 1 |a McLaglen, Victor,  |d 1886-1959. 
700 1 |a Collyer, June,  |d 1906-1968. 
700 1 |a Fox, Earle,  |d 1887-1973. 
700 1 |a O'Brien, George,  |d 1899-1985. 
700 1 |a Borden, Olive,  |d 1906-1947. 
700 1 |a Tellegen, Lou,  |d 1881-1934. 
700 1 |a Santschi, Tom,  |d 1879-1931. 
700 1 |a MacDonald, J. Farrell,  |d 1875-1952. 
700 1 |a Byrne, Donn,  |d 1889-1928.  |t Hangman's house. 
700 1 |a Whitaker, Herman,  |d 1867-1919.  |t Over the border. 
710 2 |a Twentieth Century Fox Home Entertainment, Inc. 
740 0 |a 3 bad men. 
830 0 |a Ford at Fox collection. 
994 |a C0  |b TXA 
948 |a cataloged  |b h  |c 2008/2/19  |d c  |e blrosas  |f 2:08:14 pm 
999 |a MARS 
999 f f |s a0d3c816-87fd-3cc8-b3e1-4e4ffbd029de  |i 3447c6f3-06f4-36e4-a893-6ddd3506b7fd  |t 0 
952 f f |p dvd  |a Texas A&M University  |b College Station  |c Sterling C. Evans Library  |d Evans: Media and Reserves (Annex 1st floor)  |t 0  |e PN1995.75 .H35 2007  |h Library of Congress classification  |i video -- videodisc  |m A14837007496 
998 f f |a PN1995.75 .H35 2007  |t 0  |l Evans: Media and Reserves (Annex 1st floor)